Sudden Death: Flags with GREEN - Statistics

General Stats
  • This quiz has been taken 82 times
  • The average score is 8 of 12
Answers on the Grid
Answers color-coded by a green-red scale on the quiz's grid according to % correct below.
Colombia
Bangladesh
Qatar
Lebanon
South Sudan
Denmark
Algeria
Hungary
Uruguay
Azerbaijan
Brazil
Mexico
Dominica
Croatia
Luxembourg
Tanzania
Angola
Democratic Republic of the Congo
Uganda
India
Georgia
Yemen
Portugal
Australia
 
Answer Stats
Answer % Correct
Bangladesh
86%
Brazil
84%
Mexico
84%
Hungary
78%
Algeria
75%
Portugal
75%
India
72%
Lebanon
69%
Azerbaijan
61%
Dominica
56%
South Sudan
52%
Tanzania
52%
No matching quizzes found
Score Distribution
Percent of People with Each Score
Percentile by Number Answered
Your Score History
You have not taken this quiz